| 000 -LEADER |
| fixed length control field |
00379cam a22001097a 4500 |
| 008 - FIXED-LENGTH DATA ELEMENTS--GENERAL INFORMATION |
| fixed length control field |
180718b1967 xxu||||| |||| 00| 0 eng d |
| 082 ## - DEWEY DECIMAL CLASSIFICATION NUMBER |
| Classification number |
G21x5444 M999/1962-66 |
| 245 ## - TITLE STATEMENT |
| Title |
The Mysore Legislative Council, 1962-1966: a review |
| Statement of responsibility, etc. |
by Legislature Secretariat, Mysore |
| 260 ## - PUBLICATION, DISTRIBUTION, ETC. |
| Place of publication, distribution, etc. |
Bangalore |
| Name of publisher, distributor, etc. |
Legislature Secretariat |
| Date of publication, distribution, etc. |
1967 |
| 300 ## - PHYSICAL DESCRIPTION |
| Extent |
197+p. |
| 700 ## - ADDED ENTRY--PERSONAL NAME |
| Personal name |
Mysore. Legislature Secretariat |